[Event "?"]
[Site "ICC 5 0 04/22/98, Internet Ch"]
[Date "1998.??.??"]
[Round "?"]
[White "Brause"]
[Black "Altin"]
[Result "0-1"]
[WhiteElo "2540"]
[BlackElo "2325"]
[PlyCount "109"]

1. e4 e5 2. Nf3 Nc6 3. Nc3 Nf6 4. Nxe5 Nxe5 5. d4 Ng6 6. e5 Ng8 7. Bc4 c6 8.
Qf3 d5 9. exd6 Be6 10. Bxe6 fxe6 11. Ne4 Nf6 12. Bg5 Qa5+ 13. Bd2 Qf5 14. Qxf5
exf5 15. Nxf6+ gxf6 16. d7+ Kxd7 17. O-O-O Bd6 18. Bh6 Rhe8 19. d5 Bf4+ 20.
Bxf4 Nxf4 21. g3 Ng6 22. Rd2 c5 23. c4 Re4 24. b3 Rae8 25. f3 Re1+ 26. Rxe1
Rxe1+ 27. Rd1 Rxd1+ 28. Kxd1 f4 29. Ke2 Kd6 30. Kd3 Ke5 31. a3 a5 32. Kc3 b6
33. Kd3 f5 34. Ke2 h5 35. a4 fxg3 36. hxg3 f4 37. g4 hxg4 38. fxg4 Ke4 39. Kf2
Ne5 40. g5 Kf5 41. Kg2 Kxg5 42. Kh3 Kf5 43. Kg2 Ke4 44. Kf2 f3 45. d6 Kf4 46.
d7 Nxd7 47. Kf1 Ke3 48. Kg1 Ke2 49. Kh2 f2 50. Kh3 f1=Q+ 51. Kg4 Ne5+ 52. Kg5
Ke3 53. Kh6 Qg2 54. Kh7 Qg6+ 55. Kh8 0-1

[Event "?"]
[Site "ICC 5 0 04/22/98, Internet Ch"]
[Date "1998.??.??"]
[Round "?"]
[White "Brause"]
[Black "inmortal"]
[Result "1-0"]
[WhiteElo "2525"]
[BlackElo "2380"]
[PlyCount "47"]

1. e4 e5 2. Nf3 Nc6 3. Nc3 Nf6 4. Nxe5 Nxe5 5. d4 Nc6 6. d5 Nb8 7. e5 Ng8 8. d6
Nc6 9. Nb5 cxd6 10. exd6 Qf6 11. Nc7+ Kd8 12. Nxa8 Bxd6 13. c3 Nge7 14. Qh5 Re8
15. Be2 b6 16. Bg5 Qg6 17. Qxg6 hxg6 18. O-O-O Bc5 19. b4 Bxf2 20. Rhf1 f6 21.
Bf4 Bb7 22. Rxf2 Bxa8 23. Bf3 b5 24. Rfd2 1-0

[Event "?"]
[Site "ICC 5 0 04/22/98, Internet Ch"]
[Date "1998.??.??"]
[Round "?"]
[White "Brause"]
[Black "inmortal"]
[Result "1-0"]
[WhiteElo "2510"]
[BlackElo "2390"]
[PlyCount "111"]

1. e4 e5 2. Nf3 Nc6 3. Nc3 Nf6 4. Nxe5 Nxe5 5. d4 Ng6 6. e5 Bb4 7. exf6 Qxf6 8.
Bc4 c6 9. Qe2+ Kf8 10. Be3 d5 11. Bb3 h5 12. Qd2 h4 13. O-O-O Bg4 14. Rde1 Rh5
15. Kb1 h3 16. g3 Bf3 17. Rhf1 b5 18. Nxd5 Bxd2 19. Nxf6 Bxe1 20. Nxh5 Bb4 21.
Nf4 Nxf4 22. Bxf4 Re8 23. c3 Be7 24. Re1 g5 25. Re3 gxf4 26. Rxf3 Bd6 27. gxf4
Re2 28. a4 a5 29. axb5 cxb5 30. Bc2 a4 31. Bd3 Re1+ 32. Kc2 b4 33. cxb4 Bxb4
34. Rxh3 Bd6 35. Rf3 a3 36. bxa3 Bxa3 37. Kb3 Bd6 38. Kc4 Rh1 39. h3 Ke7 40.
Kd5 Bb8 41. Bc2 Kf6 42. f5 Rh2 43. Be4 Bc7 44. Kc6 Bb8 45. d5 Rh1 46. d6 Rd1
47. Rd3 Rc1+ 48. Kb7 Bxd6 49. Rxd6+ Ke5 50. Rc6 Rxc6 51. Bxc6 Kxf5 52. Be8 f6
53. Kc7 Kf4 54. Kd6 Kf3 55. Ke6 f5 56. Kxf5 1-0

[Event "?"]
[Site "ICC 5 0 04/22/98, Internet Ch"]
[Date "1998.??.??"]
[Round "?"]
[White "Brause"]
[Black "inmortal"]
[Result "1-0"]
[WhiteElo "2530"]
[BlackElo "2370"]
[PlyCount "33"]

1. e4 e5 2. Nf3 Nc6 3. Nc3 Nf6 4. Nxe5 Nxe5 5. d4 Ng6 6. e5 Ng8 7. Bc4 d6 8.
Qf3 Be6 9. Bxe6 fxe6 10. Qxb7 Be7 11. Qc6+ Kf7 12. Nb5 Nh6 13. Bxh6 gxh6 14.
Nxc7 Rc8 15. Qf3+ Kg8 16. Nxe6 Qd7 17. Qd5 1-0

[Event "?"]
[Site "ICC 5 0 01/17/98, Internet Ch"]
[Date "1998.??.??"]
[Round "?"]
[White "Brause"]
[Black "Motoman"]
[Result "1/2-1/2"]
[WhiteElo "2495"]
[BlackElo "1970"]
[PlyCount "92"]

1. e4 e5 2. Nf3 Nf6 3. Nc3 Nc6 4. Nxe5 Nxe5 5. d4 Ng6 6. e5 Ng8 7. Bc4 Bb4 8.
Qf3 Qe7 9. O-O Bxc3 10. bxc3 Nh6 11. g3 O-O 12. Qh5 d5 13. exd6 Qxd6 14. Bxh6
gxh6 15. Bd5 c6 16. Bb3 Be6 17. Qxh6 Bxb3 18. cxb3 Rfe8 19. Rfe1 Qd7 20. Re3
Rxe3 21. fxe3 Re8 22. Qg5 Qe7 23. Qxe7 Rxe7 24. Kf2 f5 25. a4 Kf7 26. b4 Nf8
27. b5 Nd7 28. Ke2 Nf6 29. Kd3 Ng4 30. Re1 h6 31. Re2 Kf6 32. h3 Kg5 33. hxg4
Kxg4 34. Rf2 h5 35. bxc6 bxc6 36. Rf4+ Kxg3 37. Rxf5 h4 38. Rf6 h3 39. Rg6+ Kf2
40. Rf6+ Kg3 41. Ke2 h2 42. Rg6+ Kh3 43. Rh6+ Kg2 44. Rg6+ Kh3 45. Rh6+ Kg2 46.
Rg6+ Kh3 1/2-1/2

[Event "?"]
[Site "ICC 5 0 01/17/98, Internet Ch"]
[Date "1998.??.??"]
[Round "?"]
[White "Brause"]
[Black "Aevar"]
[Result "1-0"]
[WhiteElo "2490"]
[BlackElo "1955"]
[PlyCount "23"]

1. Nc3 Nf6 2. e4 e5 3. Nf3 Nc6 4. Nxe5 Nxe5 5. d4 Ng6 6. e5 Ng8 7. Bc4 c6 8.
Qf3 Qe7 9. O-O b5 10. Nxb5 Kd8 11. Nd6 f6 12. Nf7+ 1-0

[Event "?"]
[Site "ICC 5 0 01/17/98, Internet Ch"]
[Date "1998.??.??"]
[Round "?"]
[White "Brause"]
[Black "Aevar"]
[Result "1-0"]
[WhiteElo "2495"]
[BlackElo "1950"]
[PlyCount "125"]

1. e4 e5 2. Nf3 Nc6 3. Nc3 Nf6 4. Nxe5 Nxe5 5. d4 Ng6 6. e5 Ng8 7. Bc4 Bb4 8.
Qf3 Bxc3+ 9. bxc3 Qe7 10. O-O Nh6 11. g3 O-O 12. Qh5 c6 13. Bxh6 gxh6 14. f4 d5
15. Bd3 f5 16. Qxh6 Qg7 17. Qxg7+ Kxg7 18. c4 Be6 19. cxd5 cxd5 20. Rac1 Rac8
21. Be2 Rc7 22. Rf3 Rfc8 23. Rb3 b6 24. c3 Ne7 25. Kg2 Nc6 26. Rbb1 Na5 27. Ba6
Rd8 28. Bd3 Rdc8 29. Ba6 Rd8 30. Bd3 Nc4 31. Bxc4 Rxc4 32. Rb4 Rdc8 33. Rxc4
Rxc4 34. a3 h5 35. Kf2 Kf7 36. Rc2 Bd7 37. Kf3 b5 38. Ke3 a5 39. Kd3 Bc8 40.
Rb2 Ba6 41. Kc2 Ra4 42. Rb3 Rc4 43. Rb2 Rc6 44. Kd2 h4 45. gxh4 Rh6 46. Ke1
Rxh4 47. Rf2 Rh3 48. Kd2 Ke6 49. Rg2 Kf7 50. Rf2 Bc8 51. Kc2 Bd7 52. Kb3 Kg6
53. Kc2 Kh5 54. Rg2 Rh4 55. Rf2 Kg4 56. Kb3 Rh3 57. Kc2 Rf3 58. Rg2+ Kxf4 59.
Rg7 Rf2+ 60. Kb3 Be8 61. Rh7 Ke3 62. Rh8 Bg6 63. e6 1-0

[Event "?"]
[Site "ICC 5 0 01/17/98, Internet Ch"]
[Date "1998.??.??"]
[Round "?"]
[White "Brause"]
[Black "Aevar"]
[Result "1-0"]
[WhiteElo "2500"]
[BlackElo "1950"]
[PlyCount "54"]

1. e4 e5 2. Nf3 Nc6 3. Nc3 Nf6 4. Nxe5 Nxe5 5. d4 Ng6 6. e5 Ng8 7. Bc4 Bb4 8.
Qf3 Bxc3+ 9. bxc3 Qe7 10. O-O c6 11. a4 Nh6 12. g3 O-O 13. Ba3 Qe8 14. Bxf8
Nxf8 15. a5 Rb8 16. Qf4 Ne6 17. Qe3 b5 18. axb6 axb6 19. Ra7 Bb7 20. Qe4 Nc7
21. f3 b5 22. Bd3 Nd5 23. Qxh7+ Kf8 24. Rfa1 Nxc3 25. Qh8+ Ng8 26. Bh7 Ke7 27.
Qxg7 Ne2+ 1-0

[Event "?"]
[Site "ICC 5 0 01/26/98, Internet Ch"]
[Date "1998.??.??"]
[Round "?"]
[White "Brause"]
[Black "dagu"]
[Result "1-0"]
[WhiteElo "2555"]
[BlackElo "2180"]
[PlyCount "101"]

1. e4 e5 2. Nf3 Nc6 3. Nc3 Nf6 4. Nxe5 Nxe5 5. d4 Nc6 6. d5 Ne5 7. f4 Ng6 8. e5
Ng8 9. d6 c6 10. g3 b5 11. Ne4 a6 12. Qd4 Nh6 13. Bh3 Qa5+ 14. b4 Qa4 15. f5
Nxf5 16. Bxf5 a5 17. Bd2 axb4 18. O-O b3 19. Qxa4 Rxa4 20. cxb3 Rd4 21. Bxg6
hxg6 22. Rae1 b4 23. Bc1 Rh5 24. Ng5 Ba6 25. Rxf7 Rxg5 26. Rxf8+ Kxf8 27. Bxg5
Kf7 28. h3 Ke6 29. Bf4 Rd5 30. h4 Ra5 31. Bd2 Rxa2 32. Bxb4 Be2 33. Bc3 Rc2 34.
Bd4 Rd2 35. Be3 Rc2 36. Bf4 Bf3 37. Ra1 Bd5 38. Ra8 Rb2 39. Re8+ Kf5 40. Re7
Be6 41. Rxg7 Rxb3 42. Kf2 Rb2+ 43. Ke3 Rb3+ 44. Kd4 Rb4+ 45. Kd3 Rb3+ 46. Kc2
Rb4 47. Re7 Re4 48. Kd2 Rd4+ 49. Ke3 Re4+ 50. Kf3 Ra4 51. g4# 1-0

[Event "?"]
[Site "ICC 5 3 02/04/98, Internet Ch"]
[Date "1998.??.??"]
[Round "?"]
[White "Brause"]
[Black "DiepX"]
[Result "1-0"]
[WhiteElo "2535"]
[BlackElo "2530"]
[PlyCount "111"]

1. e4 e5 2. Nf3 Nf6 3. Nc3 Nc6 4. Nxe5 Nxe5 5. d4 Nc6 6. d5 Ne5 7. f4 Ng6 8. e5
Ng8 9. d6 cxd6 10. exd6 Qf6 11. Nb5 Kd8 12. Be3 Qxb2 13. Bd4 Qb4+ 14. c3 Qb2
15. Rb1 Qxa2 16. g3 b6 17. Be2 Bb7 18. O-O f6 19. c4 a6 20. Bxb6+ Kc8 21. Na7+
Rxa7 22. Bxa7 Qxb1 23. Qxb1 Bxd6 24. Bg4 f5 25. Bxf5 Nf6 26. Bxg6 hxg6 27. Qxg6
Bf8 28. Re1 Bc6 29. Bd4 Bf3 30. Bxf6 Bc5+ 31. Kf1 gxf6 32. Qf5 Bb4 33. Qxf6 Rg8
34. Re3 Bc6 35. Qf7 Rd8 36. Re8 a5 37. h4 a4 38. h5 a3 39. h6 Bc3 40. Rxd8+
Kxd8 41. Qf8+ Kc7 42. Qxa3 Bd4 43. Qd3 Bb2 44. h7 Bb7 45. g4 Ba6 46. g5 Bb7 47.
f5 Bh8 48. f6 d5 49. f7 Bg7 50. h8=Q Bxh8 51. f8=Q Be5 52. Qh7+ Kc6 53. Qhe7
Kb6 54. Qc5+ Ka6 55. Qa3+ Kb6 56. Qfc5# 1-0

[Event "?"]
[Site "ICC 5 0 03/24/98, Internet Ch"]
[Date "1998.??.??"]
[Round "?"]
[White "Brause"]
[Black "OLTS"]
[Result "1-0"]
[WhiteElo "2555"]
[BlackElo "1995"]
[PlyCount "37"]

1. e4 e5 2. Nf3 Nc6 3. Nc3 Nf6 4. Nxe5 Nxe5 5. d4 Nc6 6. d5 Ne5 7. f4 Ng6 8. e5
Ng8 9. d6 cxd6 10. exd6 Qb6 11. Qe2+ Kd8 12. f5 Nh4 13. Qg4 Nxg2+ 14. Bxg2 Nf6
15. Qg3 Bxd6 16. Qxg7 Re8+ 17. Ne2 Nh5 18. Qg5+ f6 19. Qxh5 1-0

[Event "?"]
[Site "ICC 5 3 04/02/98, Internet Ch"]
[Date "1998.??.??"]
[Round "?"]
[White "Brause"]
[Black "Stalemait"]
[Result "1-0"]
[WhiteElo "2505"]
[BlackElo "2240"]
[PlyCount "81"]

1. e4 e5 2. Nf3 Nc6 3. Nc3 Nf6 4. Nxe5 Nxe5 5. d4 Ng6 6. e5 Ng8 7. Bc4 d6 8.
Qf3 Qd7 9. O-O dxe5 10. dxe5 Nxe5 11. Re1 Bd6 12. Bf4 f6 13. Bb5 c6 14. Rad1
Qe6 15. Qg3 Kf8 16. Bxe5 Bxe5 17. f4 cxb5 18. fxe5 Qb6+ 19. Re3 Bf5 20. Rd6 Qc5
21. Rd5 Qc8 22. Qf4 Bxc2 23. Qb4+ Kf7 24. e6+ Ke8 25. Nxb5 Ne7 26. Nd6+ Kf8 27.
Nxc8 Rxc8 28. Rc3 Re8 29. Rc7 g5 30. Rxe7 Rxe7 31. Rd8+ Kg7 32. Qxe7+ Kg6 33.
Rxh8 Kf5 34. g4+ Kxg4 35. Qb4+ Kf5 36. e7 a5 37. Qc5+ Kg4 38. e8=Q Bd3 39. Qd4+
Kf5 40. Qed7+ Kg6 41. Qxh7# 1-0

[Event "?"]
[Site "ICC 5 0 04/14/98, Internet Ch"]
[Date "1998.??.??"]
[Round "?"]
[White "Brause"]
[Black "Modess"]
[Result "0-1"]
[WhiteElo "2720"]
[BlackElo "2325"]
[PlyCount "95"]

1. e4 e5 2. Nf3 Nc6 3. Nc3 Nf6 4. Nxe5 Nxe5 5. d4 Nc6 6. d5 Nb8 7. e5 Ng8 8. d6
f6 9. exf6 Qxf6 10. Qh5+ g6 11. Qe2+ Qe6 12. dxc7 Na6 13. Qxe6+ dxe6 14. Bxa6
bxa6 15. Bd2 Bd6 16. O-O Bxc7 17. Rad1 Nf6 18. Rfe1 Kf7 19. Bg5 Rd8 20. Rxd8
Bxd8 21. Rd1 Be7 22. Ne2 Rb8 23. b3 Bb7 24. c4 Rd8 25. Rxd8 Bxd8 26. h4 Bc7 27.
Bf4 Bxf4 28. Nxf4 Be4 29. Nh3 Bb1 30. Ng5+ Ke7 31. Nf3 Bxa2 32. Nd2 a5 33. c5
Nd7 34. c6 Nc5 35. Nc4 a4 36. Ne5 Kd6 37. bxa4 Nxa4 38. Nd7 Kxc6 39. Nf8 Nc5
40. Nxh7 a5 41. Nf6 a4 42. h5 gxh5 43. Ng8 a3 44. g4 hxg4 45. f3 gxf3 46. Ne7+
Kd6 47. Nc8+ Kc7 48. Ne7 0-1

[Event "?"]
[Site "ICC 5 0 04/14/98, Internet Ch"]
[Date "1998.??.??"]
[Round "?"]
[White "Brause"]
[Black "Modess"]
[Result "1/2-1/2"]
[WhiteElo "2675"]
[BlackElo "2375"]
[PlyCount "142"]

1. e4 e5 2. Nf3 Nc6 3. Nc3 Nf6 4. Nxe5 Nxe5 5. d4 Nc6 6. e5 Ng8 7. Bc4 d6 8.
Bf4 dxe5 9. dxe5 Qxd1+ 10. Rxd1 Be6 11. Nb5 Bb4+ 12. c3 Ba5 13. Bxe6 fxe6 14.
Be3 a6 15. Nd4 Nxd4 16. Bxd4 Ne7 17. Bc5 Bb6 18. Bxb6 cxb6 19. Rd6 Nc6 20. O-O
Ke7 21. Rfd1 Rac8 22. Rd7+ Ke8 23. Rxb7 Nxe5 24. Rxb6 Ke7 25. Rb7+ Kf6 26. f4
Nf7 27. Rdd7 Rhf8 28. h4 Rcd8 29. h5 Rxd7 30. Rxd7 Rc8 31. Ra7 Rc6 32. a4 Nd6
33. h6 Nf7 34. hxg7 Kxg7 35. b4 Kg6 36. b5 axb5 37. axb5 Rc5 38. b6 Rxc3 39.
Rd7 Rb3 40. b7 Kf6 41. Kf2 h6 42. Kg1 Nh8 43. Rd8 Rxb7 44. Rxh8 Kg7 45. Re8 Kf7
46. Rd8 Rb4 47. g3 Rb2 48. Rd3 Kf6 49. Rc3 Kf5 50. Re3 Kg4 51. Kf1 h5 52. Kg1
Rc2 53. Kf1 Rc1+ 54. Kf2 Rc6 55. Kg2 h4 56. gxh4 Kxf4 57. Re2 e5 58. Rf2+ Kg4
59. Re2 Kf4 60. Rf2+ Kg4 61. Re2 Rc5 62. Re4+ Kf5 63. Kf3 Rc3+ 64. Re3 e4+ 65.
Kf2 Rc2+ 66. Kg3 Rd2 67. Rb3 Rd3+ 68. Rxd3 exd3 69. Kf3 d2 70. Ke2 Kg4 71. Kxd2
Kxh4 1/2-1/2

[Event "?"]
[Site "ICC 5 0 04/14/98, Internet Ch"]
[Date "1998.??.??"]
[Round "?"]
[White "Brause"]
[Black "Lennon"]
[Result "1-0"]
[WhiteElo "2665"]
[BlackElo "2620"]
[PlyCount "95"]

1. e4 e5 2. Nf3 Nc6 3. Nc3 Nf6 4. Nxe5 Nxe5 5. d4 Ng6 6. e5 Ng8 7. Bc4 d6 8.
Qf3 f6 9. O-O dxe5 10. dxe5 Nxe5 11. Qe4 Ne7 12. Rd1 Bd7 13. Be6 Bxe6 14. Rxd8+
Rxd8 15. Qxb7 N7c6 16. f4 Bc5+ 17. Kh1 Rb8 18. Qxc7 Bb6 19. Qd6 Kf7 20. fxe5
Nxe5 21. Nd5 Rhe8 22. Nxb6 Rxb6 23. Qa3 Re7 24. b3 Bd5 25. Be3 Rbe6 26. Bxa7
Ng4 27. Qb4 Re4 28. c4 Bb7 29. Bc5 Rd7 30. Re1 Rxe1+ 31. Qxe1 Ne5 32. Qe2 Rd3
33. Qh5+ Ng6 34. Bb4 Be4 35. Kg1 f5 36. c5 Kf6 37. Qxh7 Ne5 38. Qh4+ Ke6 39.
Qe1 Ng4 40. Bd2 Kd5 41. b4 Ne5 42. Bc3 Nc4 43. Qc1 Ne3 44. c6 Kd6 45. Bd2 Nd5
46. c7 Nxc7 47. Bf4+ Kd5 48. Qxc7 1-0

[Event "?"]
[Site "ICC 5 0 04/14/98, Internet Ch"]
[Date "1998.??.??"]
[Round "?"]
[White "Brause"]
[Black "Modess"]
[Result "1-0"]
[WhiteElo "2625"]
[BlackElo "2375"]
[PlyCount "135"]

1. e4 e5 2. Nf3 Nc6 3. Nc3 Nf6 4. Nxe5 Nxe5 5. d4 Nc6 6. d5 Nb8 7. e5 Ng8 8. d6
f6 9. exf6 Qxf6 10. Qh5+ g6 11. Qe2+ Qe6 12. dxc7 Na6 13. Qxe6+ dxe6 14. Bxa6
bxa6 15. O-O Bd6 16. Be3 Bxc7 17. Bd4 e5 18. Nd5 Bb8 19. Bc5 Kf7 20. Rad1 Nf6
21. Nxf6 Kxf6 22. c3 Bc7 23. f4 Bb6 24. fxe5+ Ke6 25. Rf6+ Kxe5 26. Rxb6 axb6
27. Bd4+ Ke6 28. Bxh8 Bb7 29. Bd4 b5 30. a4 Bd5 31. Rf1 Bb3 32. Rf6+ Kd5 33. a5
b4 34. Rf7 bxc3 35. Bxc3 h5 36. Rd7+ Kc6 37. Rd3 Bc2 38. Rd4 Re8 39. b4 Re2 40.
Kf1 Re4 41. Rd2 Bb3 42. Kf2 Bd5 43. Bd4 Rf4+ 44. Kg1 Rg4 45. h3 Re4 46. Kh2 Bc4
47. Bc5 Bd5 48. Rc2 Rc4 49. Rf2 Re4 50. Rd2 Rc4 51. Kg3 Re4 52. Rc2 Rc4 53. Rf2
Re4 54. Rf8 Re2 55. Kh4 Rxg2 56. Rf6+ Kb5 57. Rb6+ Kc4 58. Rxa6 Bf7 59. Be7 Re2
60. Rc6+ Kb5 61. Rc7 Be6 62. Rc5+ Ka4 63. a6 Re4+ 64. Kg3 Bd5 65. Ra5+ Kb3 66.
Rxd5 Rxe7 67. b5 Kb4 68. b6 1-0

[Event "?"]
[Site "ICC 5 0 04/14/98, Internet Ch"]
[Date "1998.??.??"]
[Round "?"]
[White "Brause"]
[Black "Modess"]
[Result "1-0"]
[WhiteElo "2635"]
[BlackElo "2365"]
[PlyCount "44"]

1. e4 e5 2. Nf3 Nc6 3. Nc3 Nf6 4. Nxe5 Nxe5 5. d4 Nc6 6. d5 Nb8 7. e5 Ng8 8. d6
f6 9. exf6 Qxf6 10. Qh5+ g6 11. Qe2+ Qe6 12. dxc7 Na6 13. Qxe6+ dxe6 14. Bb5+
Bd7 15. Bf4 Bg7 16. Bxd7+ Kxd7 17. O-O-O+ Ke8 18. Nb5 Ne7 19. Rhe1 Kf7 20. Rd7
Rhc8 21. Nd6+ Kf8 22. Nxc8 Rxc8 1-0

[Event "?"]
[Site "ICC 5 0 04/14/98, Internet Ch"]
[Date "1998.??.??"]
[Round "?"]
[White "Brause"]
[Black "buzdovan"]
[Result "1/2-1/2"]
[WhiteElo "2625"]
[BlackElo "2260"]
[PlyCount "92"]

1. e4 e5 2. Nf3 Nc6 3. Nc3 Nf6 4. Nxe5 Nxe5 5. d4 Ng6 6. e5 Ng8 7. Bc4 d5 8.
Bxd5 Be6 9. Bxb7 Bb4 10. Bc6+ Kf8 11. Bxa8 Qxa8 12. O-O Bxc3 13. bxc3 N6e7 14.
Ba3 g6 15. Bc5 Kg7 16. Qd2 a6 17. Rfb1 Qe4 18. f3 Qf5 19. Rb7 Nd5 20. Ra7 h5
21. Rxa6 h4 22. c4 Nf4 23. Rc6 Qg5 24. Kh1 Nh6 25. d5 Nf5 26. dxe6 Ng3+ 27.
hxg3 hxg3+ 28. Kg1 Nh3+ 29. gxh3 Qxd2 30. exf7 Qh2+ 31. Kf1 Qh1+ 32. Ke2 Qxa1
33. f8=Q+ Rxf8 34. Bxf8+ Kxf8 35. Rxg6 Qxe5+ 36. Kf1 Qf4 37. Kg2 Kf7 38. Rg4
Qd2+ 39. Kxg3 Qxc2 40. a3 Qc3 41. Rf4+ Ke6 42. Re4+ Kd6 43. a4 Qg7+ 44. Kf2
Qb2+ 45. Kg3 Qg7+ 46. Kf2 Qb2+ 1/2-1/2

[Event "?"]
[Site "ICC 5 0 04/14/98, Internet Ch"]
[Date "1998.??.??"]
[Round "?"]
[White "Brause"]
[Black "Lennon"]
[Result "1-0"]
[WhiteElo "2615"]
[BlackElo "2625"]
[PlyCount "31"]

1. e4 e5 2. Nf3 Nc6 3. Nc3 Nf6 4. Nxe5 Nxe5 5. d4 Nc6 6. d5 Nb8 7. e5 Ng8 8. d6
c6 9. Bc4 Qh4 10. Bb3 f6 11. O-O fxe5 12. Re1 Qf6 13. Qh5+ Qg6 14. Rxe5+ Kd8
15. Bf7 Nf6 16. Bxg6 1-0

[Event "?"]
[Site "ICC 5 0 04/14/98, Internet Ch"]
[Date "1998.??.??"]
[Round "?"]
[White "Brause"]
[Black "Lennon"]
[Result "1-0"]
[WhiteElo "2645"]
[BlackElo "2560"]
[PlyCount "33"]

1. e4 e5 2. Nf3 Nc6 3. Nc3 Nf6 4. Nxe5 Nxe5 5. d4 Nc6 6. d5 Ne7 7. e5 Nfg8 8.
d6 Nf5 9. Nb5 cxd6 10. exd6 Nxd6 11. Qe2+ Qe7 12. Nxd6+ Kd8 13. Qxe7+ Kxe7 14.
Bf4 g5 15. Bg3 h5 16. O-O-O Nh6 17. Re1+ 1-0

[Event "?"]
[Site "ICC 5 0 04/14/98, Internet Ch"]
[Date "1998.??.??"]
[Round "?"]
[White "Brause"]
[Black "Drk"]
[Result "1-0"]
[WhiteElo "2700"]
[BlackElo "2355"]
[PlyCount "41"]

1. e4 e5 2. Nf3 Nc6 3. Nc3 Nf6 4. Nxe5 Nxe5 5. d4 Nc6 6. d5 Ne5 7. f4 Ng6 8. e5
Ng8 9. d6 cxd6 10. exd6 Qb6 11. Qe2+ Kd8 12. f5 Nf6 13. fxg6 hxg6 14. Qc4 Bxd6
15. Qxf7 Re8+ 16. Be2 Bb4 17. Bd2 d5 18. O-O-O Be6 19. Qxg7 Nd7 20. Bg5+ Kc8
21. Nxd5 1-0

[Event "?"]
[Site "ICC 5 0 04/23/98, Internet Ch"]
[Date "1998.??.??"]
[Round "?"]
[White "Brause"]
[Black "inmortal"]
[Result "1/2-1/2"]
[WhiteElo "2555"]
[BlackElo "2335"]
[PlyCount "75"]

1. e4 e5 2. Nf3 Nc6 3. Nc3 Nf6 4. Nxe5 Nxe5 5. d4 Ng6 6. e5 Ng8 7. Bc4 d5 8.
Bxd5 c6 9. Bf3 Be6 10. O-O N8e7 11. Bg5 h6 12. Bc1 Nf5 13. d5 cxd5 14. Bxd5
Bxd5 15. Nxd5 Bc5 16. Qd3 Qd7 17. Rd1 O-O-O 18. Qc4 Qc6 19. Qe4 Nfe7 20. c4 Kb8
21. Rb1 f5 22. exf6 Nxd5 23. fxg7 Rhe8 24. g8=Q Rxg8 25. cxd5 Qf6 26. Be3 Bxe3
27. fxe3 Nh4 28. g3 Rde8 29. Qf4+ Qxf4 30. exf4 Re2 31. Kf1 Rxh2 32. gxh4 Rgg2
33. Rd3 Rf2+ 34. Kg1 Rhg2+ 35. Kh1 Rh2+ 36. Kg1 Rhg2+ 37. Kh1 Rh2+ 38. Kg1
1/2-1/2

[Event "?"]
[Site "ICC 5 0 04/23/98, Internet Ch"]
[Date "1998.??.??"]
[Round "?"]
[White "Brause"]
[Black "KillerGrob"]
[Result "0-1"]
[WhiteElo "2535"]
[BlackElo "2760"]
[PlyCount "63"]

1. e4 e5 2. Nf3 Nc6 3. Nc3 Nf6 4. Nxe5 Nxe5 5. d4 Ng6 6. e5 Ng8 7. Bc4 Bb4 8.
Qf3 Bxc3+ 9. bxc3 Qe7 10. O-O Rb8 11. Bd2 b6 12. Rab1 Bb7 13. Qg3 Qd8 14. Bf4
N8e7 15. Bg5 O-O 16. Qg4 h6 17. Bd2 Qc8 18. Qe2 c5 19. f4 Nh4 20. g3 Nhf5 21.
g4 Nh4 22. Be1 Qc6 23. d5 Nxd5 24. e6 Nxf4 25. Rxf4 Qh1+ 26. Kf2 Qxh2+ 27. Ke3
Ng2+ 28. Qxg2 Qxg2 29. exf7+ Kh8 30. Bf2 g5 31. Rf6 Kg7 32. Rf1 0-1

[Event "?"]
[Site "ICC 5 0 04/23/98, Internet Ch"]
[Date "1998.??.??"]
[Round "?"]
[White "Brause"]
[Black "lennyh3"]
[Result "1-0"]
[WhiteElo "2480"]
[BlackElo "1650"]
[PlyCount "34"]

1. e4 e5 2. Nf3 Nc6 3. Nc3 Nf6 4. Nxe5 Nxe5 5. d4 Ng6 6. e5 Ng8 7. Bc4 d6 8.
Qf3 Be6 9. Qxb7 Bxc4 10. Qc6+ Ke7 11. exd6+ Qxd6 12. Qxa8 Qe6+ 13. Be3 Nf6 14.
Qxa7 Nd7 15. Qxc7 f5 16. b3 Bd5 17. Nxd5+ Qxd5 1-0

[Event "?"]
[Site "ICC 5 0 01/27/98, Internet Ch"]
[Date "1998.??.??"]
[Round "?"]
[White "Brause"]
[Black "Rakdol"]
[Result "1/2-1/2"]
[WhiteElo "2585"]
[BlackElo "2065"]
[PlyCount "300"]

1. e4 e5 2. Nf3 Nf6 3. Nc3 Nc6 4. Nxe5 Nxe5 5. d4 Ng6 6. e5 Ng8 7. Bc4 Bb4 8.
Qf3 Bxc3+ 9. bxc3 Qe7 10. O-O Qf8 11. Bg5 N8e7 12. Rab1 Nc6 13. g4 a6 14. a4 h6
15. Be3 Qe7 16. Bd5 O-O 17. Qe4 Qh4 18. Qxg6 Ne7 19. Qe4 Nxd5 20. Qxd5 Qxg4+
21. Qg2 Qxg2+ 22. Kxg2 d6 23. exd6 cxd6 24. Rfe1 Re8 25. Kg3 d5 26. a5 Re7 27.
Bf4 Be6 28. c4 Rd7 29. cxd5 Bxd5 30. c3 Rc8 31. Re3 g5 32. Be5 Kh7 33. h4 Kg6
34. hxg5 hxg5 35. Rb6+ Rc6 36. Rxc6+ Bxc6 37. f4 f6 38. Bb8 Rd8 39. Bc7 Rc8 40.
Bd6 Bb5 41. fxg5 Kxg5 42. Kg2 Rd8 43. Be7 Rd5 44. Re5+ Rxe5 45. dxe5 Kg6 46.
exf6 Kf7 47. Kf3 Bc6+ 48. Kf4 Bd5 49. Ke5 Bc6 50. c4 Bg2 51. c5 Bc6 52. Bd6 Bg2
53. Kf5 Bc6 54. Be5 Bh1 55. Kg5 Bc6 56. Bd6 Bh1 57. Bf4 Bc6 58. Be5 Bh1 59. Kf5
Bc6 60. Bd6 Bd7+ 61. Kg5 Bc6 62. Bf4 Bd5 63. Kf5 Bc6 64. Be3 Bh1 65. Ke5 Bc6
66. Bd4 Bh1 67. Bb2 Bc6 68. Bc3 Bh1 69. Bd4 Bg2 70. Kf5 Bc6 71. Bc3 Bd5 72. Bd2
Bc6 73. Bf4 Bd5 74. Ke5 Bc6 75. Bd2 Bh1 76. Bc3 Bc6 77. Kf4 Bh1 78. Kg5 Bc6 79.
Bb2 Bh1 80. Kf5 Bc6 81. Bc1 Bh1 82. Bg5 Bc6 83. Ke5 Bh1 84. Bh4 Bc6 85. Be1 Bh1
86. Bf2 Bc6 87. Be3 Bh1 88. Bg1 Bc6 89. Kf5 Bh1 90. Bh2 Bc6 91. Bc7 Bh1 92. Ke5
Bc6 93. Bd8 Bb5 94. Kf5 Bc6 95. Kg5 Bd5 96. Be7 Bc6 97. Kf4 Bd5 98. Kg4 Bc6 99.
Kf5 Bd5 100. c6 Bxc6 101. Ke5 Bh1 102. Bd6 Bc6 103. Ba3 Bh1 104. Bc5 Bc6 105.
Bd6 Bh1 106. Bb4 Bc6 107. Bd2 Bh1 108. Be3 Bc6 109. Bf4 Bh1 110. Bh6 Bc6 111.
Be3 Bh1 112. Ba7 Bc6 113. Bb6 Bh1 114. Bd4 Bc6 115. Kf5 Bh1 116. Bb2 Bc6 117.
Ke5 Bh1 118. Bc3 Bc6 119. Bd4 Bh1 120. Kf5 Bc6 121. Be5 Bh1 122. Bd6 Bc6 123.
Bc5 Bh1 124. Kg5 Bc6 125. Bd6 Bd7 126. Be5 Bc6 127. Bb2 Bd7 128. Bc3 Bc6 129.
Be5 Bd7 130. Bd6 Bc6 131. Bb4 Bd7 132. Bd2 Bc6 133. Kf5 Bd7+ 134. Ke5 Bc6 135.
Bb4 Bb5 136. Be1 Bc6 137. Kf5 Bb5 138. Bf2 Bc6 139. Be3 Bb5 140. Bb6 Bc6 141.
Bg1 Bb5 142. Ba7 Bc6 143. Kg5 Bb5 144. Bf2 Bc6 145. Kf5 Bb5 146. Bg3 Bc6 147.
Ke5 Bb5 148. Bf2 Bc6 149. Bc5 Bb5 150. Bd6 Bc6 1/2-1/2

[Event "?"]
[Site "ICC 5 0 01/27/98, Internet Ch"]
[Date "1998.??.??"]
[Round "?"]
[White "Brause"]
[Black "Rakdol"]
[Result "1-0"]
[WhiteElo "2570"]
[BlackElo "2080"]
[PlyCount "99"]

1. e4 e5 2. Nf3 Nf6 3. Nc3 Nc6 4. Nxe5 Nxe5 5. d4 Nc6 6. d5 Ne5 7. f4 d6 8.
fxe5 dxe5 9. Bg5 Bb4 10. Bb5+ Bd7 11. Bxd7+ Qxd7 12. Bxf6 gxf6 13. O-O Be7 14.
Qh5 O-O-O 15. Kh1 Rdf8 16. Rf3 Kb8 17. Raf1 Rhg8 18. Qh6 Rg6 19. Qxh7 Rgg8 20.
Qf5 Qd6 21. R1f2 Rg5 22. Qh7 Qb4 23. Nd1 Bc5 24. c3 Qb6 25. Rxf6 Bxf2 26. Rxb6
Bxb6 27. b4 a6 28. a4 f5 29. h4 Rgg8 30. exf5 Rh8 31. Qe7 Re8 32. Qg5 Reg8 33.
Qf6 Rf8 34. Qg5 Rfg8 35. Qf6 e4 36. d6 cxd6 37. Qxd6+ Bc7 38. Qe7 Bg3 39. Kg1
Rxh4 40. f6 Rgh8 41. Nf2 Rf4 42. Nh3 Rf5 43. Qg7 Rxh3 44. gxh3 Bf2+ 45. Kh1 e3
46. f7 e2 47. f8=Q+ Ka7 48. Qxf5 e1=Q+ 49. Kh2 Qe2 50. Qg2 1-0

[Event "?"]
[Site "ICC 5 5 02/03/98, Internet Ch"]
[Date "1998.??.??"]
[Round "?"]
[White "Brause"]
[Black "Fabrizio"]
[Result "1-0"]
[WhiteElo "2600"]
[BlackElo "2355"]
[PlyCount "107"]

1. e4 e5 2. Nf3 Nc6 3. Nc3 Nf6 4. Nxe5 Nxe5 5. d4 Nc6 6. d5 Ne5 7. f4 Ng6 8. e5
Bb4 9. exf6 Qxf6 10. Qe2+ Kf8 11. Qc4 Bxc3+ 12. Qxc3 Qxc3+ 13. bxc3 d6 14. Bd3
Bd7 15. O-O f6 16. Rb1 b6 17. Be3 Kf7 18. c4 Rae8 19. Rbe1 Re7 20. f5 Ne5 21.
Be2 Rhe8 22. Bd2 Ba4 23. c3 Bc2 24. Bh5+ g6 25. fxg6+ hxg6 26. Be2 Kg7 27. c5
dxc5 28. Bb5 Rd8 29. c4 Bd3 30. Rf2 Ra8 31. Ba6 Ree8 32. Rc1 g5 33. Bc3 Kg6 34.
Rd1 Be4 35. Bb5 Red8 36. Bxe5 fxe5 37. Re2 Bf5 38. Rxe5 Rf8 39. Re7 Rf7 40. Be8
Rxe8 41. Rxe8 Bc2 42. Re6+ Kg7 43. Rc1 Bd3 44. Re3 Bg6 45. Rf1 Rd7 46. g3 a6
47. Rfe1 Kf7 48. Ra3 b5 49. Rxa6 bxc4 50. Re5 c3 51. Rc6 c2 52. Rxc5 Kf6 53.
Re6+ Kf7 54. Rec6 1-0